004260000a22001210004500090001700000245011600017041001300133700002500146100002800171942001300199773007500212999001700287 aASbSeriadas10aEarly stage of rhizome development in Pharus virescens (Poaceae: Bambusoideae) located in La Macarena, Colombia0 aInglés1 aIzawa, Kosei91002401 aKobayashi, Mikio999317 cARTICULO1 tField Studies of Fauna and Flora La Macarena, Colombiaq35-41d1992g7 c16006d16006